| 000 | 00386nam a2200133Ia 4500 | ||
|---|---|---|---|
| 005 | 20251222142009.0 | ||
| 008 | 251222s9999||||xx |||||||||||||| ||spa|| | ||
| 020 | _a9972-57-058-4 | ||
| 082 | _a337.185/R74 | ||
| 100 | _aRodríguez, Martha | ||
| 245 | 0 | _aEfectos Macroeconómicos del Acuerdo de Libre Comercio con los Estados Unidos | |
| 264 | _bUniversidad del Pacífico | ||
| 942 | _cLIB | ||
| 999 |
_c10267 _d10267 |
||